The sign post (Record no. 9205)

MARC details
000 -LEADER
fixed length control field 00678nam a22002297a 4500
003 - CONTROL NUMBER IDENTIFIER
control field GBCCL
005 - DATE AND TIME OF LATEST TRANSACTION
control field 20241126110707.0
008 - FIXED-LENGTH DATA ELEMENTS--GENERAL INFORMATION
fixed length control field 220531b ||||| |||| 00| 0 eng d
020 ## - INTERNATIONAL STANDARD BOOK NUMBER
International Standard Book Number 8172143826
020 ## - INTERNATIONAL STANDARD BOOK NUMBER
International Standard Book Number 9788172143824
040 ## - CATALOGING SOURCE
Transcribing agency GBC
082 ## - DEWEY DECIMAL CLASSIFICATION NUMBER
Classification number 261.8
Item number BAB
100 ## - MAIN ENTRY--PERSONAL NAME
Personal name Babu, Jeevan
9 (RLIN) 16008
245 ## - TITLE STATEMENT
Title The sign post
260 ## - PUBLICATION, DISTRIBUTION, ETC.
Place of publication, distribution, etc. Delhi, India :
Name of publisher, distributor, etc. Navdin Prakashan Kendra of the ISPCK,
Date of publication, distribution, etc. 1997
300 ## - PHYSICAL DESCRIPTION
Extent 47 pages :
Other physical details illustrations ;
Dimensions 22 cm
440 ## - SERIES STATEMENT/ADDED ENTRY--TITLE
Title Development education series, 69.
9 (RLIN) 16009
650 ## - SUBJECT ADDED ENTRY--TOPICAL TERM
Topical term or geographic name entry element Church and social problems
Geographic subdivision India.
9 (RLIN) 1133
651 ## - SUBJECT ADDED ENTRY--GEOGRAPHIC NAME
Geographic name Church and social problems.
9 (RLIN) 16010
651 ## - SUBJECT ADDED ENTRY--GEOGRAPHIC NAME
Geographic subdivision India.
9 (RLIN) 13064
942 ## - ADDED ENTRY ELEMENTS (KOHA)
Source of classification or shelving scheme Dewey Decimal Classification
Koha item type Books
Holdings
Withdrawn status Lost status Source of classification or shelving scheme Damaged status Not for loan Home library Current Library Shelving location Date acquired Total checkouts Full call number Barcode Date last seen Copy number Price effective from Koha item type
    Dewey Decimal Classification     GRACE BIBLE COLLEGE GRACE BIBLE COLLEGE Ministry & Mission 2022-05-31   261.8 BAB 015589 2022-05-31 c.1 2022-05-31 Books
© Grace Bible College Library 2025